[Event "CAN-ch op 49th"]
[Site "Victoria"]
[Date "2012.07.08"]
[Round "1"]
[White "Fiedler, Brian"]
[Black "Zierk, Steven C"]
[Result "0-1"]
[WhiteElo "2066"]
[BlackElo "2478"]
[PlyCount "88"]
[EventDate "2012.07.08"]
[EventType "swiss"]
[EventRounds "9"]
[EventCountry "CAN"]
[SourceTitle "CBM 149 Extra"]
[Source "ChessBase"]
[SourceDate "2012.08.24"]
[SourceVersion "1"]
[SourceVersionDate "2012.08.24"]
[SourceQuality "1"]

1. c4 c6 2. e4 d5 3. exd5 cxd5 4. d4 Nf6 5. Nc3 Nc6 6. Nf3 Bg4 7. cxd5 Nxd5 8. Qb3 Bxf3 9. gxf3 e6 10. Qxb7 Nxd4 11. Bb5+ Nxb5 12. Qc6+ Ke7 13. Qxb5 Qd7 14. Nxd5+ Qxd5 15. Qxd5 exd5 16. Be3 Ke6 17. 0-0 Be7 18. Rfe1 Kf5 19. Red1 Rhd8 20. Rac1 Rd7 21. Rc4 Bf6 22. Rc5 Rad8 23. b3 Be5 24. Ra5 d4 25. Bd2 Kf6 26. Rc1 Re8 27. Rcc5 g5 28. Kg2 h6 29. h3 Bf4 30. Rc6+ Re6 31. Rxe6+ fxe6 32. Bxf4 gxf4 33. Kf1 Rc7 34. Ke2 Rc2+ 35. Kd3 Rxf2 36. Kxd4 Rxf3 37. Ke4 Rf1 38. Rxa7 e5 39. Ra6+ Kg5 40. h4+ Kg4 41. Kxe5 Re1+ 42. Kf6 f3 43. Ra4+ Kg3 44. Kf5 f2 0-1

[Event "Hamilton Ontario op"]
[Site "Hamilton"]
[Date "2011.05.22"]
[Round "3"]
[White "Nicholson, Matthew"]
[Black "Fiedler, Brian"]
[Result "1/2-1/2"]
[WhiteElo "2052"]
[BlackElo "2129"]
[PlyCount "37"]
[EventDate "2011.05.??"]
[EventType "swiss"]
[EventRounds "6"]
[EventCountry "CAN"]
[SourceTitle "EXT 2022"]
[Source "ChessBase"]
[SourceDate "2021.10.06"]
[SourceVersion "1"]
[SourceVersionDate "2021.10.06"]
[SourceQuality "1"]

1. e4 e6 2. d4 d5 3. Nc3 Nf6 4. e5 Nfd7 5. f4 c5 6. Nf3 Nc6 7. Be3 Be7 8. Be2 0-0 9. 0-0 b6 10. Kh1 f6 11. f5 cxd4 12. fxe6 Ndxe5 13. Nxd4 Nxd4 14. Qxd4 Bxe6 15. Rad1 Bc5 16. Qd2 Bb4 17. Bd4 Rc8 18. Ba6 Rc7 19. Rfe1 1/2-1/2

[Event "Toronto Hart House Holidays op"]
[Site "Toronto"]
[Date "2010.12.18"]
[Round "3.11"]
[White "Zeromskis, Egidijus"]
[Black "Fiedler, Brian"]
[Result "1/2-1/2"]
[WhiteElo "2218"]
[BlackElo "2130"]
[PlyCount "131"]
[EventDate "2010.12.17"]
[EventType "swiss"]
[EventRounds "5"]
[EventCountry "CAN"]
[SourceTitle "EXT 2022"]
[Source "ChessBase"]
[SourceDate "2021.10.06"]
[SourceVersion "1"]
[SourceVersionDate "2021.10.06"]
[SourceQuality "1"]

1. f4 g6 2. Nf3 c5 3. e3 Bg7 4. Be2 Nf6 5. 0-0 d6 6. d3 Nc6 7. c3 e5 8. fxe5 dxe5 9. e4 h6 10. Na3 Be6 11. b3 Qa5 12. Qc2 0-0 13. Nc4 Bxc4 14. dxc4 Rad8 15. Ne1 Qc7 16. g3 b6 17. Ng2 Ne8 18. Ne3 Ne7 19. Bb2 Nd6 20. g4 Qc8 21. Rad1 Qc6 22. Bf3 Nb7 23. Nd5 Nxd5 24. cxd5 Qf6 25. Qg2 Qh4 26. Be2 Nd6 27. Rd3 f5 28. gxf5 gxf5 29. Rg3 Qe7 30. exf5 Nxf5 31. Rgf3 Nh4 32. Rxf8+ Rxf8 33. Rxf8+ Qxf8 34. Qg4 Nf5 35. Bd3 Nd6 36. Qe6+ Kh8 37. Qg6 Kg8 38. Bc1 e4 39. Bxe4 Nxe4 40. Qxe4 Bxc3 41. Qe6+ Kh7 42. Be3 Qg7+ 43. Kf2 Bd4 44. Qe4+ Qg6 45. Qxg6+ Kxg6 46. Bxd4 cxd4 47. Ke2 Kf5 48. Kd3 Ke5 49. d6 Kxd6 50. Kxd4 Kc6 51. Ke5 Kc5 52. a3 h5 53. h4 b5 54. Kf5 b4 55. a4 Kd4 56. Kg5 Kc3 57. Kxh5 Kxb3 58. Kg5 Kxa4 59. h5 b3 60. h6 b2 61. h7 b1Q 62. h8Q Qg1+ 63. Kf4 Qc1+ 64. Kf5 Qc5+ 65. Ke4 Qc2+ 66. Ke3 1/2-1/2

[Event "Kitchener Oktoberfest"]
[Site "Kitchener"]
[Date "2009.10.18"]
[Round "4"]
[White "Fiedler, Brian"]
[Black "Humphreys, Michael"]
[Result "1/2-1/2"]
[WhiteElo "2129"]
[BlackElo "2223"]
[PlyCount "53"]
[EventDate "2009.10.16"]
[EventType "swiss"]
[EventRounds "5"]
[EventCountry "CAN"]
[SourceTitle "EXT 2011"]
[Source "ChessBase"]
[SourceDate "2010.11.26"]
[SourceVersion "1"]
[SourceVersionDate "2010.11.26"]
[SourceQuality "1"]

1. d4 Nf6 2. c4 g6 3. Nc3 Bg7 4. e4 d6 5. Be2 0-0 6. Bg5 Na6 7. Nf3 h6 8. Bh4 e5 9. d5 g5 10. Bg3 Nh5 11. h4 g4 12. Nd2 Nxg3 13. fxg3 h5 14. 0-0 f5 15. exf5 Nc5 16. Nde4 Bxf5 17. Bd3 Nxd3 18. Qxd3 Bh6 19. Rad1 Qd7 20. b3 Qh7 21. Qe2 Rf7 22. Rfe1 Raf8 23. Rf1 Qg6 24. Rfe1 a6 25. Rf1 Bd7 26. Rxf7 Rxf7 27. a4 1/2-1/2

[Event "Chicago op 18th"]
[Site "Chicago"]
[Date "2009.05.25"]
[Round "6"]
[White "Fiedler, Brian"]
[Black "Adu, Oladapo"]
[Result "0-1"]
[WhiteElo "2236"]
[BlackElo "2344"]
[PlyCount "76"]
[EventDate "2009.05.22"]
[EventType "swiss"]
[EventRounds "7"]
[EventCountry "USA"]
[SourceTitle "CBM 130 Extra"]
[Source "ChessBase"]
[SourceDate "2009.07.02"]
[SourceVersion "2"]
[SourceVersionDate "2009.07.15"]
[SourceQuality "1"]

1. e4 c5 2. Nc3 Nc6 3. g3 g6 4. Bg2 Bg7 5. d3 d6 6. Be3 Nf6 7. h3 Rb8 8. Qd2 h5 9. Nge2 Qb6 10. Nd1 Qa6 11. 0-0 h4 12. g4 Nxg4 13. hxg4 h3 14. Bh1 h2+ 15. Kg2 Bxg4 16. f3 Bh3+ 17. Kf2 Bxf1 18. Kxf1 Ne5 19. Nf2 Qb5 20. c3 Qd7 21. b3 f5 22. d4 cxd4 23. cxd4 Nc6 24. Kg2 e5 25. f4 exd4 26. Nxd4 fxe4 27. Nxc6 bxc6 28. Rd1 d5 29. Nxe4 Qh3+ 30. Kf2 dxe4 31. Bxe4 0-0 32. Rh1 Rbd8 33. Qc2 g5 34. Qxc6 gxf4 35. Bd5+ Kh8 36. Bc5 Qg3+ 37. Ke2 Rfe8+ 38. Kd2 Qg2+ 0-1

[Event "Kitchener Oktoberfest op"]
[Site "Kitchener"]
[Date "2008.10.19"]
[Round "4"]
[White "Drkulec, Vladimir"]
[Black "Fiedler, Brian"]
[Result "1-0"]
[WhiteElo "2028"]
[BlackElo "2144"]
[PlyCount "77"]
[EventDate "2008.10.17"]
[EventType "swiss"]
[EventRounds "5"]
[EventCountry "CAN"]
[SourceTitle "EXT 2011"]
[Source "ChessBase"]
[SourceDate "2010.11.26"]
[SourceVersion "1"]
[SourceVersionDate "2010.11.26"]
[SourceQuality "1"]

1. d4 Nf6 2. c4 g6 3. Nc3 Bg7 4. e4 d6 5. f3 0-0 6. Be3 e5 7. Nge2 c6 8. Qb3 Nbd7 9. 0-0-0 Qa5 10. Kb1 a6 11. Nc1 b5 12. d5 bxc4 13. Bxc4 Rb8 14. Qc2 c5 15. Ka1 Nh5 16. g4 Nf4 17. N3e2 Nxe2 18. Nxe2 f5 19. gxf5 gxf5 20. Rhg1 Kh8 21. Bg5 fxe4 22. Qxe4 Nf6 23. Qh4 e4 24. Bh6 Bxh6 25. Qxh6 Rf7 26. fxe4 Qb4 27. b3 Bg4 28. Qc1 Bxe2 29. Bxe2 Nd7 30. Bg4 Qxe4 31. Bxd7 Qe5+ 32. Qb2 Qxb2+ 33. Kxb2 Rxd7 34. Rde1 Rf7 35. Rg2 Rf5 36. Rd2 Rb4 37. Re6 Rd4 38. Rg2 h5 39. Rh6# 1-0

[Event "Canada zt"]
[Site "Toronto"]
[Date "2006.08.21"]
[Round "4"]
[White "Fiedler, Brian"]
[Black "Ademi, Sami"]
[Result "0-1"]
[WhiteElo "2226"]
[BlackElo "2249"]
[PlyCount "106"]
[EventDate "2006.08.18"]
[EventType "swiss"]
[EventRounds "9"]
[EventCountry "CAN"]
[SourceTitle "CBM 113 Extra"]
[Source "ChessBase"]
[SourceDate "2006.09.14"]
[SourceVersion "1"]
[SourceVersionDate "2006.09.14"]
[SourceQuality "1"]

1. e4 c5 2. Nf3 d6 3. b4 cxb4 4. a3 Nf6 5. Bd3 Nc6 6. 0-0 a6 7. Re1 Bg4 8. Bb2 e5 9. axb4 Nxb4 10. Bc4 Rc8 11. Bb3 Bxf3 12. Qxf3 Be7 13. Nc3 0-0 14. g4 g6 15. Nd1 Qb6 16. h3 Nc6 17. Ne3 Nd4 18. Bxd4 exd4 19. Nc4 Qc6 20. Qf4 Nd7 21. e5 dxe5 22. Nxe5 Nxe5 23. Qxe5 Bf6 24. Qf4 Bd8 25. Re4 Bc7 26. Qf3 Rce8 27. Rae1 Rxe4 28. Rxe4 Qd6 29. Re8 Qf4 30. Rxf8+ Kxf8 31. Kg2 Qxf3+ 32. Kxf3 b5 33. Ke4 a5 34. f3 Bb6 35. d3 Ke7 36. f4 f6 37. f5 Kd6 38. fxg6 hxg6 39. h4 Bd8 40. h5 f5+ 41. Kf4 fxg4 42. hxg6 Bf6 43. Kxg4 Kc5 44. Kf5 Bh8 45. Ke6 a4 46. Ba2 Kb4 47. Kd5 Kc3 48. Kc5 b4 49. Kb5 b3 50. cxb3 axb3 51. Bb1 Kb2 52. Kc4 Kxb1 53. Kxb3 Kc1 0-1

[Event "Canada zt"]
[Site "Toronto"]
[Date "2006.08.20"]
[Round "3"]
[White "Henry, Liam"]
[Black "Fiedler, Brian"]
[Result "1/2-1/2"]
[WhiteElo "2090"]
[BlackElo "2226"]
[PlyCount "78"]
[EventDate "2006.08.18"]
[EventType "swiss"]
[EventRounds "9"]
[EventCountry "CAN"]
[SourceTitle "CBM 113 Extra"]
[Source "ChessBase"]
[SourceDate "2006.09.14"]
[SourceVersion "1"]
[SourceVersionDate "2006.09.14"]
[SourceQuality "1"]

1. e4 c5 2. Nf3 d6 3. d4 cxd4 4. Nxd4 Nf6 5. Nc3 a6 6. Bc4 e6 7. Bb3 b5 8. f4 b4 9. Na4 Bb7 10. 0-0 Bxe4 11. f5 e5 12. Nf3 Nbd7 13. Ng5 d5 14. Nxe4 dxe4 15. Be3 h5 16. Kh1 Be7 17. Qe2 Qa5 18. Rad1 Rc8 19. c3 0-0 20. Bd2 Qb5 21. Qe1 a5 22. Bc2 Qb7 23. Qe2 Rfd8 24. Rde1 Nc5 25. Nxc5 Rxc5 26. Bg5 bxc3 27. Bxf6 Bxf6 28. bxc3 Rxc3 29. Bxe4 Qb4 30. Qxh5 Rc4 31. Qf3 Rdd4 32. Bb1 e4 33. Qe2 a4 34. Rd1 a3 35. Rxd4 Rxd4 36. Re1 Rd2 37. Qf1 Rd4 38. Qe2 Rd2 39. Qf1 Rd4 1/2-1/2

[Event "Canada zt"]
[Site "Toronto"]
[Date "2006.08.19"]
[Round "2"]
[White "Fiedler, Brian"]
[Black "Masse, Hugues"]
[Result "1/2-1/2"]
[WhiteElo "2226"]
[BlackElo "2178"]
[PlyCount "106"]
[EventDate "2006.08.18"]
[EventType "swiss"]
[EventRounds "9"]
[EventCountry "CAN"]
[SourceTitle "CBM 113 Extra"]
[Source "ChessBase"]
[SourceDate "2006.09.14"]
[SourceVersion "1"]
[SourceVersionDate "2006.09.14"]
[SourceQuality "1"]

1. Nf3 Nf6 2. c4 g6 3. Nc3 d5 4. cxd5 Nxd5 5. Qa4+ Bd7 6. Qb3 Nb6 7. d4 Bg7 8. Bf4 Be6 9. Qd1 0-0 10. Rc1 Nc6 11. e3 Rc8 12. Ng5 Bd7 13. Be2 e5 14. dxe5 Nxe5 15. 0-0 Qe7 16. Qc2 Rfd8 17. Rfd1 Bc6 18. Rxd8+ Rxd8 19. Rd1 Rxd1+ 20. Qxd1 Nec4 21. Qb3 h6 22. Bxc4 hxg5 23. Bg3 Nxc4 24. Qxc4 Qd7 25. Qe2 Bf6 26. Qd1 Qxd1+ 27. Nxd1 Bd8 28. Nc3 Kf8 29. f3 Ke7 30. Kf2 Kd7 31. e4 b6 32. Ke3 Bb7 33. f4 gxf4+ 34. Bxf4 a6 35. Kd3 Ke6 36. g4 c6 37. Nd1 a5 38. Ne3 Ba6+ 39. Kd2 a4 40. g5 b5 41. Nc2 Bb6 42. Ne3 Bb7 43. Ng4 c5 44. Nf6 Bd8 45. Ke3 Bxf6 46. gxf6 Kxf6 47. Bd6 c4 48. h4 Ke6 49. Bc5 Bc6 50. Bb4 Ke5 51. Bc3+ Kd6 52. a3 Bd7 53. Bb4+ Ke6 1/2-1/2

[Event "Hamilton Van der Wel Memorial"]
[Site "Hamilton"]
[Date "1996.05.05"]
[Round "5"]
[White "Dougherty, Michael J"]
[Black "Fiedler, Brian"]
[Result "0-1"]
[WhiteElo "2347"]
[BlackElo "2251"]
[PlyCount "74"]
[EventDate "1996.05.03"]
[EventType "swiss"]
[EventRounds "5"]
[EventCountry "CAN"]
[SourceTitle "EXT 2022"]
[Source "ChessBase"]
[SourceDate "2021.10.06"]
[SourceVersion "1"]
[SourceVersionDate "2021.10.06"]
[SourceQuality "1"]

1. e4 c5 2. Nf3 d6 3. d4 cxd4 4. Nxd4 Nf6 5. Nc3 a6 6. Be3 e5 7. Nb3 Qc7 8. a4 b6 9. Be2 Bb7 10. f3 Nbd7 11. 0-0 Be7 12. Nd2 d5 13. exd5 Nxd5 14. Nxd5 Bxd5 15. Nb1 Bb7 16. Nc3 Nf6 17. Kh1 0-0 18. Bd3 Bb4 19. Bd2 Bc5 20. Qe1 Rfe8 21. Qg3 g6 22. Rae1 Nh5 23. Qh4 Rad8 24. Ne4 Rd4 25. a5 f5 26. Nf6+ Kf7 27. Bc4+ Rxc4 28. Qxc4+ Kxf6 29. Bc3 b5 30. Qh4+ Kf7 31. g4 fxg4 32. Qxg4 Re7 33. Rd1 Nf4 34. Qh4 h5 35. Qg5 Qc6 36. h4 Qe6 37. Qg3 Ne2 0-1